| 000 | 00344nam a22001217a 4500 | ||
|---|---|---|---|
| 008 | 160512b xxu||||| |||| 00| 0 eng d | ||
| 020 | _a9780721692357 | ||
| 020 | _a0721692354 | ||
| 041 | _aeng | ||
| 080 | _a61 | ||
| 245 |
_aComprehensive review for NCLEX -RN: _cHeather Carlson RN; Jean DeCaffev MSN RN; Maey Ann Hogan MSN RN; |
||
| 942 |
_2udc _cBK |
||
| 999 |
_c2063 _d2063 |
||